Gamification in Management: Positive and Negative Aspects

Analýza fenoménu gamifikácia. Identifikácia pozitívnych aspektov, rizík a problémov. Príspevok využíva metódu systematickej analýzy kritickej literatúry v angličtine, nemčine a ruštine. Poskytujú sa najrelevantnejšie definície gamifikácie, ktoré sú rozdelené do dvoch hlavných skupín: základné a prak...

Full description

Saved in:
Bibliographic Details
Main Author: Kačerauskas, Tomas
Other Authors: Sederevičiūtė-Pačiauskienė, Živilė, Šliogerienė, Jolita
Format: Book Chapter
Language:English
Subjects:
Tags: Add Tag
No Tags, Be the first to tag this record!

MARC

LEADER 00000naa a2200000 4500
001 0299139
005 20240212140606.5
041 0 |a eng 
044 |a CZ 
245 1 0 |a Gamification in Management: Positive and Negative Aspects  |c Tomas Kačerauskas, Živilė Sederevičiūtė-Pačiauskienė, Jolita Šliogerienė 
520 |a Analýza fenoménu gamifikácia. Identifikácia pozitívnych aspektov, rizík a problémov. Príspevok využíva metódu systematickej analýzy kritickej literatúry v angličtine, nemčine a ruštine. Poskytujú sa najrelevantnejšie definície gamifikácie, ktoré sú rozdelené do dvoch hlavných skupín: základné a praktické. Zmätok týchto skupín alebo neznalosť jednej spôsobuje osobitné problémy v chápaní daného pojmu. Cieľom príspevku je demonštrovať širší kontext gamifikácie v manažmente odhalením pozitívnych a negatívnych aspektov tohto fenoménu. 
610 2 0 |a gamifikácia 
610 2 0 |a manažment 
610 2 0 |a riadenie podnikové 
610 2 0 |a produktivita 
610 2 0 |a manažment znalostný 
100 1 |a Kačerauskas, Tomas 
700 1 |a Sederevičiūtė-Pačiauskienė, Živilė 
700 1 |a Šliogerienė, Jolita